000 00947cam a2200217 4500
001 L137314
008 070328s2006 xxk f 001 0 eng d
020 _a187830512
035 _a(Sirsi) u137314
041 0 _aeng
050 0 4 _a333.33025 $2 18
110 2 _aRoyal Institution of Chartered Surveyors
_94900
245 0 0 _aChartered surveyors regional directory 2006
_byour essential guide to finding a surveyor in the North East
260 _aLondon
_bRICS
_c2006
300 _a1
_fv.c25cm.
350 _a20
520 _aOutlines the organisation and purpose of the RICS and its members. Details the services of which they can take advantage. Describes the services provided by chartered surveyors. Lists firms and members within the region. Includes a specialisation index. The main listings are ordered by the area and the type of service provided.
651 4 _aEngland
_y886-
690 _aRICS SERVICES-FIND A SURVEYOR
942 _n0
999 _c106719
_d106719